书目信息 |
| 题名: |
导游员职业道德实证分析
|
|
| 作者: | 郭赤婴 编著 | |
| 分册: | ||
| 出版信息: | 北京 中国旅游出版社 2003 |
|
| 页数: | 301页 | |
| 开本: | 20cm | |
| 丛书名: | 导游书架 | |
| 单 册: | ||
| 中图分类: | F590.63 | |
| 科图分类: | ||
| 主题词: | 导游--职业道德--基本知识 , 职业道德 | |
| 电子资源: | ||
| ISBN: | 7-5032-2234-4 | |
| 000 | 01176nam0 2200337 450 | |
| 000 | 01139nam0 2200325 450 | |
| 000 | 01137nam0 2200337 450 | |
| 000 | 01083nam0 2200313 450 | |
| 000 | 01101nam0 2200301 450 | |
| 000 | 01064nam0 2200289 45 | |
| 001 | TS2006013698 | |
| 005 | 20061216171515.75 | |
| 010 | @a7-5032-2234-4@dCNY15.00 | |
| 100 | @a20060829e20052003em y0chiy0120 ea | |
| 101 | 0 | @achi |
| 102 | @aCN@b110000 | |
| 105 | @ay z 000yy | |
| 200 | 1 | @a导游员职业道德实证分析@ADao You Yuan Zhi Ye Dao De Shi Zheng Fen Xi@f郭赤婴编著@FGuo Chi Ying Bian Zhu |
| 210 | @a北京@c中国旅游出版社@d2003@h2005年第2次印刷 | |
| 215 | @a301页@d20cm | |
| 225 | 2 | @a导游书架 |
| 330 | @a本书阐述了导游员的基本职业道德素质,遵纪守法和遵守职业道德,树立正确的职业观,旅游职业道德的基本原则和导游员的自我评价等七章内容。 | |
| 410 | 0 | @12001 @a导游书架 |
| 606 | 0 | @a导游@x职业道德@x基本知识 |
| 606 | 0 | @a职业道德 |
| 690 | @aF590.63@v4 | |
| 701 | 0 | @a郭赤婴@AGuo Chi Ying@4编著 |
| 801 | 0 | @aCN@b中图数据@c20061216 |
| 905 | @a10447@dF590.63@e112 | |
| 导游员职业道德实证分析/郭赤婴编著.-北京:中国旅游出版社,2003(2005年第2次印刷) |
| 301页;20cm.-(导游书架) |
| ISBN 7-5032-2234-4:CNY15.00 |
| 本书阐述了导游员的基本职业道德素质,遵纪守法和遵守职业道德,树立正确的职业观,旅游职业道德的基本原则和导游员的自我评价等七章内容。 |
| ● |
| 相关链接 |
|
|
|
|
正题名:导游员职业道德实证分析
索取号:F590.63/112
 
预约/预借
| 序号 | 登录号 | 条形码 | 馆藏地/架位号 | 状态 | 备注 |
| 1 | 0601082 | 206010822 | 第一样本阅览室/ [索取号:F590.63/112] | 在馆 | |
| 2 | 0601083 | 206010831 | 第一借阅区/ [索取号:F590.63/112] | 在馆 | |
| 3 | 0601084 | 206010840 | 第一借阅区/ [索取号:F590.63/112] | 在馆 | |
| 4 | 0601085 | 206010859 | 第一借阅区/ [索取号:F590.63/112] | 在馆 | |
| 5 | 0601086 | 206010868 | 第一借阅区/ [索取号:F590.63/112] | 在馆 |